ESPY's Best Male Athlete of the Year - Statistics

General Stats
  • This quiz has been taken 120 times
  • The average score is 13 of 22
Answer Stats
Hint Answer % Correct
2012 NBA Lebron James
99%
2013 NBA Lebron James
99%
2016 NBA Lebron James
99%
2015 NBA Stephen Curry
90%
2000 PGA Tiger Woods
86%
2001 PGA Tiger Woods
86%
2002 PGA Tiger Woods
86%
2008 PGA Tiger Woods
86%
1998 (Tie) MLB and PGA Ken Griffey Jr., Tiger Woods
80%
2014 NBA Kevin Durant
77%
2009 Olympics Michael Phelps
72%
2011 NBA Dirk Nowitzki
44%
2010 NFL Drew Brees
40%
1999 MLB Mark McGwire
31%
1997 Olympics Michael Johnson
30%
2003 UCI Lance Armstrong
26%
2004 UCI Lance Armstrong
26%
2005 UCI Lance Armstrong
26%
2006 UCI Lance Armstrong
26%
2007 NFL Ladainian Tomlinson
23%
1995 NFL Steve Young
16%
1996 MLB Cal Ripken
10%
No matching quizzes found
Score Distribution
Percent of People with Each Score
Percentile by Number Answered
Your Score History
You have not taken this quiz